| 000 | 00715nam a2200217Ia 4500 | ||
|---|---|---|---|
| 003 | SISC | ||
| 005 | 20170126094306.0 | ||
| 008 | 140321s9999 xx 000 0 und d | ||
| 020 | _a9780071085830 | ||
| 050 |
_aHD 62.4 _b.H55 2011 |
||
| 100 | _aHill, Charles W. L. | ||
| 245 |
_aInternational business : _bcompeting in the global marketplace / _cCharles W. L. Hill. |
||
| 250 | _a8th edition. | ||
| 260 |
_aPhilippines : _bMcGraw-Hill, _c2011. |
||
| 300 |
_a718 pages : _billustrations ; _c26 cm. |
||
| 500 | _aIncludes bibliographical references and indexes. | ||
| 650 | _aCompetition, International. | ||
| 650 |
_aInternational business enterprises _xManagement. |
||
| 942 |
_kFOR _cBK _2lcc |
||
| 999 |
_c48328 _d48328 |
||